Jean Cocteau : tapissos d'Aubusson tapissos d'Aubusson
ISBN:
84-7794-001-0
Publicado:
Barcelona :
Diputació de Barcelona. Museu Tèxtil : amb la col·laboració d'Institut Français de Barcelone ,
1988
Descripción Física:
[40] p. : il., col. ; 21 x 21 cm
MARC
| LEADER | 00000nam a2200000Ia 4500 | ||
|---|---|---|---|
| 001 | 7892 | ||
| 003 | BGR | ||
| 005 | 20260324175339.0 | ||
| 008 | 160829s1988 xx 000 0 cat d | ||
| 020 | |a 84-7794-001-0 | ||
| 080 | |a FU-7-13 | ||
| 100 | |a Cocteau, Jean |9 27913 | ||
| 245 | |a Jean Cocteau : |b tapissos d'Aubusson | ||
| 260 | |a Barcelona : |b Diputació de Barcelona. Museu Tèxtil : |b amb la col·laboració d'Institut Français de Barcelone, |c 1988 | ||
| 300 | |a [40] p. : |b il., col. ; |c 21 x 21 cm | ||
| 590 | |a Catàleg de l'exposició efectuada a Terrassa | ||
| 650 | |a Cocteau, Jean |x Exposicions |9 28231 | ||
| 650 | |a Tapissos |x França |x Exposicions |9 28232 | ||
| 710 | 2 | |a Museu Tèxtil de Terrassa |9 54997 | |
| 710 | 2 | |a Institut Français (Barcelona) |9 71124 | |
| 901 | |a Arxiu | ||
| 942 | |n 1 |2 udc |c MON | ||
| 952 | |0 0 |1 0 |4 0 |6 FU713 |7 1 |9 44732 |a Arxiu |b Arxiu |d 2016-12-01 |l 0 |o FU-7-13 |p 7892 |r 2016-12-01 00:00:00 |w 2016-12-01 |y ARXIU | ||
| 999 | |c 47314 |d 47314 | ||